| 000 | 00481nam a2200157 i 4500 | ||
|---|---|---|---|
| 001 | 129622 | ||
| 003 | ES-MaACL | ||
| 005 | 20230906193535.0 | ||
| 007 | t| | ||
| 008 | 070627s1914 fr ||||1| fre d | ||
| 100 | 1 |
_aTibal, André. _9110203 |
|
| 245 | 1 | 0 |
_aEtudes sur Grillparzer _b: Grillparzer et la nature, Grillparzer et l'amour, Grillparzer et les races / _cpar André Tibal. |
| 260 |
_aParis : _b[s.n.], _c1914. |
||
| 300 |
_a236 p. ; _c25 cm. |
||
| 852 |
_aES-MaACL _jA-322 |
||
| 999 |
_c129622 _d129622 |
||